Statistiques concernant Pokémon sans pattes

Cliquez ici pour prendre le quiz!

Statistiques générales

  • Ce quiz a été pris 153 fois
    (50 depuis la dernière actualisation)
  • Le résultat moyen est 49 sur 96

Statistiques - réponses

genpokémon% Correct
1Abo
85%
1Arbok
85%
1Chrysacier
85%
1Coconfort
85%
1Fantominus
78%
1Métamorph
78%
1Electrode
75%
1Magnéti
75%
1Magnéton
75%
1Smogo
75%
1Smogogo
75%
1Draco
73%
1Minidraco
73%
1Onix
73%
1Voltorbe
73%
3Armulys
68%
3Blindalys
68%
4Magnézone
68%
9Triopikeau
68%
2Zarbi
68%
3Coquiperl
65%
2Steelix
65%
1Taupiqueur
65%
6Trousselin
65%
1Léviator
63%
3Lovdisc
63%
1Triopikeur
63%
5Cliticlic
60%
5Nucléos
60%
3Rosabyss
60%
3Serpang
60%
7Sinistrail
60%
5Tic
60%
4Archéomire
58%
5Clic
58%
5Hexagel
58%
2Insolourdo
58%
1Noeunoeuf
58%
3Séviper
58%
1Crustabri
55%
2Foretress
55%
1Hypotrempe
55%
1Kokiyas
55%
3Polichombr
55%
5Sorbouboul
55%
5Sorboul
55%
2Feuforêve
53%
5Mamanbo
53%
3Morphéo
53%
2Pomdepik
53%
3Séléroc
53%
3Solaroc
53%
9Taupikeau
53%
3Terhal
53%
5Lampéroie
50%
5Anchwatt
48%
7Cosmog
48%
4Magirêve
48%
4Spiritomb
48%
7Cosmovum
45%
2Limagma
45%
2Ymphect
45%
8Dunaconda
43%
5Grindur
43%
2Hyporoi
43%
6Mucuscule
43%
2Volcaropod
43%
8Dunaja
40%
7Mimiqui
40%
6Opermine
40%
3Oniglali
38%
7Météno
35%
6Pérégrain
35%
5Tritonde
35%
7Concombaffe
33%
9Deusolourdo
33%
6Strassie
33%
2Tournegrin
33%
8Verpom
33%
8Charbi
30%
5Doudouvet
30%
9Ferdeter
30%
2Qwilfish
30%
9Selutin
30%
5Chlorobule
25%
9Floréclat
25%
9Flotte-Mèche
25%
9Germéclat
25%
9Vrombotor
23%
9Pelage-Sablé
20%
8Qwilpik
20%
9Virevorreur
20%
9Virovent
20%
9Chongjian
18%
9Vrombi
18%
9Têtampoule
15%

Distribution des résultats

Percentile par nombre de réponses

% des personnes avec chaque résultat

Votre développement - résultats

Vous n’avez pas pris ce quiz depuis la dernière actualisation